Entry Término temático
001 - NÚMERO DE CONTROL
- campo de control: 75889
003 - IDENTIFICADOR DEL NÚMERO DE CONTROL
- campo de control: BNPHU
005 - FECHA Y HORA DE LA ÚLTIMA TRANSACCIÓN
- campo de control: 20260225123203.0
008 - DATOS DE LONGITUD FIJA
- campo de control de longitud fija: 200615|| aca||aabn | a|a d
040 ## - FUENTE DE LA CATALOGACIÓN
- Centro catalogador/agencia de origen: DO-SdBNP
- Lengua de catalogación: spa
- Centro/agencia transcriptor: BNPHU
- Normas de descripción: rda
180 ## - ENCABEZAMIENTO--SUBDIVISIÓN GENERAL
- Subdivisión general: Condiciones sociales
480 ## - TRAZADO DE VÉASE--SUBDIVISIÓN GENERAL
- Subdivisión general: Estatus socioeconómico
480 ## - TRAZADO DE VÉASE--SUBDIVISIÓN GENERAL
- Subdivisión general: Social conditions
580 ## - TRAZADO DE VÉASE ADEMÁS--SUBDIVISIÓN GENERAL
- Subdivisión general: Colonias
- Subdivisión general: Condiciones sociales
- Subcampo de control: h
670 ## - FUENTE DE DATOS ENCONTRADOS
- Cita de la fuente: Work cat.: (OSt)47965: Marcelino, Melissa 75888, Gasto social, democracia y ciclo política en República Dominicana :, 2012.
670 ## - FUENTE DE DATOS ENCONTRADOS
- Identificador Uniforme del Recurso: https://librunam.dgb.unam.mx:8443/F/251XF8138NHXPD4FY5D9V6VGR2ASV94XEA2GSDAH3SKNH9MA1B-20528?func=full-set-set&set_number=010920&set_entry=000001&format=001 Consultado en 25 de Febrero, 2026
680 ## - NOTA GENERAL PÚBLICA
- Texto explicativo: Usar como subdivisión temática bajo nombres de países, ciudades, regiones, etc., y bajo clases de personas y grupos étnicos.
681 ## - NOTA DE EJEMPLO DE TRAZADO DE MATERIA
- Texto explicativo: Referencia bajo el encabezamiento
- Encabezamiento de materia o término de subdivisión: Historia social
780 ## - ENTRADA DE ENLACE DE SUBDIVISIÓN--SUBDIVISIÓN GENERAL
- Subdivisión general: Social conditions
- Número de control del registro de autoridad o número normalizado: sh2001008850
